| 000 | 01147nam a2200193 a 4500 | ||
|---|---|---|---|
| 001 | 000037243 | ||
| 005 | 20200930080232.0 | ||
| 008 | 120320s2008 cl ad 000 0 spa d | ||
| 020 | _a9789587103274 | ||
| 100 | 1 |
_aDelgado Wiesner, Cecilia. _963656 |
|
| 245 | 3 |
_aLa microempresa de punta en Colombia / _cCecilia Delgado Wiesner y Ernesto Parra Escobar. |
|
| 260 |
_aColombia : _bUniversidad Externado de Colombia, _bCentro de Investigaciones sobre Dinámica Social, _c2008. |
||
| 300 |
_a204 p. : _bil., gráf., mapas ; _c23 cm. |
||
| 490 | 1 |
_aCuadernos del cids. _aSerie I _v9 |
|
| 505 | 0 |
_tLa microempresa en Colombia -- _tObjetivos y metodología -- _tCaracterización general del empresario y la empresa -- _tLa gestión empresarial -- _tResultados de la gestión empresarial -- _tGrado de formalidad, escala de informalidad-formalidad -- _tObligaciones laborales, impuestos y formalidad ; Conclusiones y recomendaciones -- _tAnexo I: encuesta -- _tAnexo II: manual para la realización de entrevistas -- _tAnexo III: grupos focales. |
|
| 700 | 1 |
_aParra Escobar, Ernesto, 1939- _963657 |
|
| 830 | 0 |
_aCuadernos del cids. _p1 _v9 _963658 |
|
| 999 |
_c36733 _d36733 |
||
| 040 | _aDO-SdBNP | ||